Central Library OPAC University of Rajshahi

Man and Africa : (Record no. 64468)

MARC details
000 -LEADER
fixed length control field 00864nam a2200241 a 4500
001 - CONTROL NUMBER
control field 64468
003 - CONTROL NUMBER IDENTIFIER
rucl marc code BD-RjUL
005 - DATE AND TIME OF LATEST TRANSACTION
control field 20211209081319.0
008 - FIXED-LENGTH DATA ELEMENTS--GENERAL INFORMATION
fixed length control field 170215s1965 enk 001 0 eng
035 ## - SYSTEM CONTROL NUMBER
System control number (BD-RjUL)64598
040 ## - CATALOGING SOURCE
Original cataloging agency DLC
Transcribing agency OCU
Modifying agency BD-RjUL
Language of cataloging eng
041 ## - LANGUAGE CODE
Language code of text/sound track or separate title eng
082 ## - DEWEY DECIMAL CLASSIFICATION NUMBER
Edition number 23
Classification number 960
Author mark and year MAN 1965
245 10 - TITLE STATEMENT
Title Man and Africa :
Remainder of title a Ciba Foundation symposium jointly with the Halie Selassie l Prize Trust under the patrionage of His Imperial Majesty Haile Selassie l, Emperor of Ethiopia /
Statement of responsibility, etc. Edited by Gordon Wolstenholme and Maeve O'Conner.
260 ## - PUBLICATION, DISTRIBUTION, ETC. (IMPRINT)
Place of publication, distribution, etc. London :
Name of publisher, distributor, etc. J. & A. Churchill,
Date of publication, distribution, etc. 1965.
300 ## - PHYSICAL DESCRIPTION
Pagination xx, 400 p. :
Illustrations ill. ;
Size 21cm.
500 ## - GENERAL NOTE
General note Includes index
650 #0 - SUBJECT ADDED ENTRY--TOPICAL TERM
Topical term or geographic name as entry element Human geography
Geographic subdivision Africa.
9 (RLIN) 191262
700 1# - ADDED ENTRY--PERSONAL NAME
Personal name Wolstenholme, G. E. W.
Personal name O'Connor, Maeve,
942 ## - ADDED ENTRY ELEMENTS (KOHA)
Source of classification or shelving scheme Dewey Decimal Classification
Koha item type Books
Holdings
Lost status Source of classification or shelving scheme Damaged status Not for loan Collection code Permanent Location Current Location Shelving location Date acquired Source of acquisition Cost, normal purchase price Total Checkouts Full call number Date last seen Copy number Koha item type
  Dewey Decimal Classification   Not For Loan Non-fiction Central Library, University of Rajshahi Central Library, University of Rajshahi Reading Room 24/02/1973 Provincial Book depart 30.00   960 MAN 1965 15/02/2017 C-1 Books
  Dewey Decimal Classification     Non-fiction Central Library, University of Rajshahi Central Library, University of Rajshahi   24/08/1973 Provincial Book dep. 30.00   960 MAN 1965 26/02/2019 C-2 Books